000 00483nmm a2200169Ia 4500
008 251105s9999||||xx |||||||||||||||||und||
020 _a9788471486844
041 _aspa
100 _aPro Uriarte, Begoña
245 0 _aLa bordadora de melodías
264 _a[Madrid, España] :
_bElkar,
_c[Fecha de publicación no identificada]
300 _a0 páginas
490 _aNarrativa
650 _aRomance
856 _uhttps://public.digitaliapublishing.com/a/120517
942 _cCF
999 _c84848
_d84848